01201nam a22003017a 4500003000400000005001700004008004100021040002200062082001800084100002500102245003000127260006000157300002100217366000800238490003100246505001200277505011200289505010900401505001200510650005500522650004700577650004800624650004300672650004500715650005600760650004700816700003600863OSt20230621140128.0221006b |||||||| |||| 00| 0 eng d cBiblioteca Lado V a709.05bG851a aGriffin, Timeeditor aArtforum/bInternacional/ aNew Yorkc2009bNew York editorial and business offices c26.5x27cma270p. espa aNoviembrev2009x0864-1315 tLETTERS tCOLUMNSaEDITORS'S LETTER: ACTION AND ABSTRACTION PASSAGES BOOKS FILM ON SITE SOUND CURATING TOP TEN tFEATURESgTASTE TEST DOUBLE LIFE 1000 WORDS MIND THE DESIGN OPENINGS MARY REID KELLEY COMMONWEALTH tREVIEWS 2Tesauro de Arte & ArquitecturaaARTE COMTEMPORANEO 2Tesauro de Arte & ArquitecturaaFOTOGRAFIA 2Tesauro de Arte & ArquitecturaaARTE VISUAL 2Tesauro de Arte & ArquitecturaaLIBROS 2Tesauro de Arte & ArquitecturaaNOTICIAS 2 Tesauro de Arte & ArquitecturaaARTE INTERNACIONAL 2 Tesauro de Arte & ArquitecturaaESCULTURA aNavarreta, Jose Antonioeeditor